00377nam a2200109Ia 4500008004100000082002100041245003800062260003300100942000700133999001700140952011000157220204s9999 xx 000 0 und d aNR:63:581.2bRUB 0aRubberinte pink rogam (Malayalam) aKottayambRubber Boardc2007 cBK c44386d44386 00104070aMAINbMAINd2021-12-16eGiftl0oNR:63:581.2 RUBpG01133r2021-12-16 00:00:00w2022-02-14yBK